01833na a2200325 450000100060000000300080000600500170001400800410003104000250007204100080009708200280010511000530013324501230018624600410030924600810035026000380043130000290046944000500049850504010054861000310094965000160098065000410099665000200103774000810105774000530113874000930119174000690128474001350135383000190148820931MIRAKIL20181213154847.0170129b tu 000 0  aMilasbturcTR-AnCHP atur aCHP 351.72bC3635p 2010 aCumhuriyet Halk Partisi (CHP)bGenel Merkez (GM) aPoliticiation of the court of accounts and liquidation of the independent auditcCumhuriyet Halk Partisi Genel Merkezi aLiquidation of the independent audit aSayışatayın siyasallaştırılması ve bağımsız denetimin tasfiyesi aAnkarab[CHP]c2010fGenç Ofset a13 s.brnk. res.c21 sm. aCumhuriyet Halk Partisi yayınlarıpRaporlar a1. AKP sayıştay denetiminden neden hoşlanmaz? - 2. Sayıştayın siyasallaştırılması -- 3. Sayıştayın INTOSAI denetim standartlarına göre denetim yapmasının engellenmesi - 4. Sayıştay'ın performans denetimi yetkisinin elinden alınması - 5. Sayıştayın yaptığı performans denetimlerine ilişkin raporların sayıştay başkanı tarafından sümenaltı edilmesi aCHPxRaporlarySayıştay aSayıştay aMali denetimxSayıştayzTürkiye aHukuk ve yasama aSayışatayın siyasallaştırılması ve bağımsız denetimin tasfiyesi aAKP sayıştay denetiminden neden hoşlanmaz?  aSayıştayın INTOSAI denetim standartlarına göre denetim yapmasının engellenmesi  aSayıştayın performans denetimi yetkisinin elinden alınması aSayıştayın yaptığı performans denetimlerine ilişkin raporların sayıştay başkanı tarafından sümenaltı edilmesi aCHP raporları